00759pam a2200229 a 4500001000800000005001700008008004100025020002800066020002800094020002500122020002500147040001800172082002300190100002200213245008000235250000900315260004600324300001300370650001400383856006600397856006600463390652620240220012943.0910820s1992 ii ab b 001 0 eng  a8170362571 (India : hb) a817036258X (India : pb) a0803994036 (US : hb) a0803994044 (US : pb) aDLCcDLCdDLC00a320.954.220bTHE.1 aPandian, M. S. S.14aThe image trap :bM.G. Ramachandran in film and politics /cM.S.S. Pandian. a1st. aNew Delhi ;aNewbury Park :bSage,c1992. a166 p. : aPolitics.42uhttp://www.loc.gov/catdir/enhancements/fy0657/91030310-d.html41uhttp://www.loc.gov/catdir/enhancements/fy0657/91030310-t.html